Nom de fleuves les plus donnés par département français - Statistiques

Statistiques générales
  • Ce quiz a été pris 67 fois
  • Le résultat moyen est 14 sur 17
Statistiques - réponses
Nbr Fleuve/rivière % Correct
4 Seine
100%
2 Loir
96%
3 Garonne
95%
2 Rhin
91%
2 Rhone
91%
6 Loire
88%
4 Marne
86%
2 Saône
80%
2 Cher
79%
2 Moselle
75%
2 Oise
75%
2 Tarn
75%
2 Indre
68%
2 Vienne
66%
2 Charente
64%
2 Eure
64%
2 Lot
64%
Aucun quiz correspondant
Distribution des résultats
% des personnes avec chaque résultat
Percentile par nombre de réponses
Votre historique - résultats
Vous n’avez pas pris ce quiz